000 00571nam a2200193Ia 4500
005 20250923150008.0
008 008 250917s9999 xx 000 0 eng d
037 _aTextual
040 _aDSWL
_beng
_cDSWL
041 _aeng
_2eng
084 _aX:9x9G.4, N98
_qDSWL
245 0 _aLabour Employment and Human Development in South Asia
_c by Chandra Ashoka
260 _aDelhi
_b B.R. Publishing Corporation Ltd.
_c1996
300 _a545 p.
365 _aINR
_b575.00
925 _g575.00
942 _cTEXL
_hX:9x9G.4, N98
999 _c1458289
_d1458289